Normal view
MARC view
- Ellis, Lynn W.
Entry Personal Name
001 - CONTROL NUMBER
- control field: 12737
003 - CONTROL NUMBER IDENTIFIER
- control field: NUST
005 - DATE AND TIME OF LATEST TRANSACTION
- control field: 20181220064639.0
008 - FIXED-LENGTH DATA ELEMENTS
- fixed length control field: 181220|| aca||aabn | a|a d
040 ## - CATALOGING SOURCE
- Original cataloging agency: NUST
- Transcribing agency: NUST
100 ## - HEADING--PERSONAL NAME
- Personal name: Ellis, Lynn W.
- Fuller form of name: (Lynn Webster),
- Dates associated with a name: 1928-
670 ## - SOURCE DATA FOUND
- Source citation: Work cat.: (NUST)0: Ellis, Lynn W. (Lynn Webster), 1928-, Evaluation of R&D processes :, c1997.
